000 03289nam0a2200445 4500
001 RU\NLR\bibl\1299511
005 20260407192114.0
010 _a978-5-91427-003-9
_9100
021 _aRU
_b2008-78771
_94577
035 _a(NLR Aleph) 001285109
090 _a523715
_c523715
100 _a20081127d2008 |||y0rusy50 ca
101 0 _arus
102 _aRU
105 _aab |||||||||
200 1 _aXVI Неделя науки МГТУ
_e[материалы]
_fФедер. агентство по образованию М-ва образования и науки Рос. Федерации, Майкоп. гос. технол. ун-т
210 _aМайкоп
_cАякс
_d2008
215 _a226 с.
_cил., карт.
_d30
300 _aВ макете загл.: Материалы XVI Недели науки МГТУ
320 _aБиблиогр. в конце докл.
327 1 _aСодерж.: XII Всероссийская научно-практическая конференция "Образование-наука-технологии", XI Всероссийская научно-практическая конференция "Агропромышленный комплекс и актуальные проблемы экономики регионов", XI Международная научно-практическая конференция "Экологические проблемы современности"
517 0 _aМатериалы XVI Недели науки МГТУ
606 1 _aСельское хозяйство
_jСъезды, совещания и т.п.
_xЭкологически чистые технологии
_92293888
_3RU\NLR\auth\661373652
606 1 _aАгропромышленные комплексы
_jСъезды, совещания и т.п.
_yРоссийская Федерация
_92096204
_3RU\NLR\auth\661268277
606 _aОбразование
_jСъезды, совещания и т.п.
_yРоссийская Федерация
_92296847
_3RU\NLR\AUTH\661375304
686 _aЧ34(2Р)я431
686 _aП028я431(0)
686 _aУ32(2)-434(2Р)я431
686 _aУ28(0)1я431
710 0 2 _aМайкопский государственный технологический университет
_bНеделя науки
_d16
_f2008
_3RU\NLR\AUTH\8810125419
_9748262
711 1 2 _a"Образование-наука-технологии", всероссийская научно-практическая конференция
_d12
_f2008
_eМайкоп
_3RU\NLR\AUTH\8810125420
_9748264
711 1 2 _a"Агропромышленный комплекс и актуальные проблемы экономики регионов", всероссийская научно-практическая конференция
_d11
_f2008
_eМайкоп
_3RU\NLR\AUTH\8810125421
_9748266
711 1 2 _a"Экологические проблемы современности", международная научно-практическая конференция
_d11
_f2008
_eМайкоп
_3RU\NLR\AUTH\8810125422
_9748268
801 0 _aRU
_bNLR
_c20081127
_gRCR
801 1 _aRU
_bNLR
_c20081127
942 _cBOOK
980 _aNB
980 _aNBR